İkili ve Çok Taraflı Uluslararası Özel Hukuk Sözleşmeleri ve İlgili Mevzuat ; Açıklamalı-Uygulamalı / (Record no. 66300)
[ view plain ]
| 000 -LEADER | |
|---|---|
| fixed length control field | 00660 a2200217 4500 |
| 001 - CONTROL NUMBER | |
| control field | 66300 |
| 003 - CONTROL NUMBER IDENTIFIER | |
| control field | TR-AnTOB |
| 005 - DATE AND TIME OF LATEST TRANSACTION | |
| control field | 20230606083716.0 |
| 008 - FIXED-LENGTH DATA ELEMENTS--GENERAL INFORMATION | |
| fixed length control field | 980930s1974 tu tur |
| 041 ## - LANGUAGE CODE | |
| Language code of text/sound track or separate title | Türkçe |
| 050 ## - LIBRARY OF CONGRESS CALL NUMBER | |
| Classification number | JX6351 |
| Item number | R49 1974 |
| 090 ## - LOCALLY ASSIGNED LC-TYPE CALL NUMBER (OCLC); LOCAL CALL NUMBER (RLIN) | |
| Classification number (OCLC) (R) ; Classification number, CALL (RLIN) (NR) | JX 6351 R49 1974 |
| 100 ## - MAIN ENTRY--PERSONAL NAME | |
| Personal name | Rezaki, Sait |
| 9 (RLIN) | 38916 |
| 245 #0 - TITLE STATEMENT | |
| Title | İkili ve Çok Taraflı Uluslararası Özel Hukuk Sözleşmeleri ve İlgili Mevzuat ; Açıklamalı-Uygulamalı / |
| Statement of responsibility, etc. | Sait Rezaki ; Salim Özdemir. |
| 264 #1 - PRODUCTION, PUBLICATION, DISTRIBUTION, MANUFACTURE, AND COPYRIGHT NOTICE | |
| Place of production, publication, distribution, manufacture | Ankara : |
| Name of producer, publisher, distributor, manufacturer | Sevinç Matbaası, |
| Date of production, publication, distribution, manufacture, or copyright notice | 1974 |
| 300 ## - PHYSICAL DESCRIPTION | |
| Extent | 507 s. ; |
| Dimensions | 24 sm. |
| 650 #7 - SUBJECT ADDED ENTRY--TOPICAL TERM | |
| Topical term or geographic name entry element | Üçüncü kişiler (Uluslararası hukuk) |
| Source of heading or term | etuturkob |
| 9 (RLIN) | 38917 |
| 901 ## - LOCAL DATA ELEMENT A, LDA (RLIN) | |
| a | 0022372 |
| 902 ## - LOCAL DATA ELEMENT B, LDB (RLIN) | |
| a | mç |
| 942 ## - ADDED ENTRY ELEMENTS (KOHA) | |
| Koha item type | Book |
| Withdrawn status | Lost status | Source of classification or shelving scheme | Not for loan | Collection code | Home library | Current library | Shelving location | Date acquired | Source of acquisition | Inventory number | Total Checkouts | Total Holds | Full call number | Barcode | Date last seen | Date last checked out | Copy number | Date shelved | Koha item type | Public note |
|---|---|---|---|---|---|---|---|---|---|---|---|---|---|---|---|---|---|---|---|---|
| Library of Congress Classification | Ödünç Verilebilir / Available | Genel Koleksiyon | Merkez Kütüphane | Merkez Kütüphane | Genel Koleksiyon / Main Collection | 01/07/2005 | TOBB Devir / TOBB Transfer | SUİ | 2 | JX6351 .R49 1974 | 0022372 | 04/04/2026 | 11/03/2026 | 1 | 21/04/2010 | Book | Donated by TOBB |
